Представление документа в формате RUSMARC

ПолеНазваниеЗначение
  Тип записи a
  Библиографический уровень a
001 Контрольный номер RU/CBS_UL/BASE/fc275b1710e8459d920defa1eb435add
005 Дата корректировки 20260318234843.6
100 Данные общей обработки __
a Данные общей обработки 20250908 ||| 0rusy0189 ca
101 Язык документа 0_
a Язык текста rus
102 Страна публикации __
a Страна публикации RU
200 Заглавие и сведения об ответственности 1_
a Заглавие Мягкая опала Лазаря Кагановича
e Сведения, относящиеся к заглавию [о том, как Л.М. Каганович избежал репрессий]
f Первые сведения об ответственности С. Экштут
300 Общие примечания __
a Общие примечания 16+
320 Библиография __
a Библиография Библиогр.: с. 117
461 Уровень набора _0
1 2000
a Родина
463 Уровень физической единицы _0
1 2000
a № 9
v С. 114-117 : фот.
1 2101
d 2021
1 001RU/CBS_UL/BASE/708538438
600 Персоналии _1
a Персоналии (Фамилия) Каганович
b Персоналии (Имя, инициалы) Л.М.
600 Персоналии _1
a Персоналии (Фамилия) Сталин
b Персоналии (Имя, инициалы) И.В.
606 Тематические рубрики 0_
a Основная рубрика Каганович, Лазарь Моисеевич (1893-1991)
610 Ключевые слова 0_
a Ключевые слова деятели государственные
610 Ключевые слова 0_
a Ключевые слова наркомы
610 Ключевые слова 0_
a Ключевые слова мораль и политика
610 Ключевые слова 0_
a Ключевые слова роль личности в истории
610 Ключевые слова 0_
a Ключевые слова человек второго плана в истории
610 Ключевые слова 0_
a Ключевые слова Великая Отечественная война
610 Ключевые слова 0_
a Ключевые слова войны
610 Ключевые слова 0_
a Ключевые слова деятели советские государственные
610 Ключевые слова 0_
a Ключевые слова деятели партийные
610 Ключевые слова 0_
a Ключевые слова партийные деятели
686 Индексы других классификаций __
2 Код системы rubbk
a Классификационный индекс 63.3(2)6-8
700 Автор _1
a Фамилия Экштут
b Имя (инициалы) С.
801 Источник записи _0
a Страна RU
b Организация МБУК ЦБС г. Ульяновска
c Дата составления 20250908
g Правила каталогизации RCR
801 Источник записи _1
a Страна RU
b Организация МБУК ЦБС г. Ульяновска
c Дата составления 20250908
g Правила каталогизации RCR
901 Тип документа __
t Тип документа b
w Контрольный № источника RU/CBS_UL/BASE/708538438
909 Создатель записи __
a Создатель записи lib1